| 000 | 01050 a2200205 4500 | ||
|---|---|---|---|
| 003 | Nust | ||
| 005 | 20221110095612.0 | ||
| 010 | _a 75009733 | ||
| 020 | _a047141736X (v. 1) | ||
| 040 | _cNust | ||
| 082 | 0 | 0 | _a512.1,HOW |
| 100 | 1 |
_aHowes, Vernon E. _9102477 |
|
| 245 | 1 | 0 |
_aEssentials of Mathematics precalculus 1 : _bA programmed text Algebra 1 / _cVernon E. Howes. |
| 260 |
_aNew York : _bWiley, _c[1975- |
||
| 300 |
_a671p _c26 cm. |
||
| 505 | _aIntroduction (Page-1), Sets (Page-11), From N to (Page-35), Polynomials (Page-71), Rational Expressions (Page-111), Other Fields and Integral Domains (Page-151), Equations (Page-187), Cartesian Products (Page-269), Functions (Page-303), Polynomial Functions (Page-257), Systems of Linear Equations (Page-411), Applications (Page-475), Exponents (Page-503), Exponential and Logarithmic Functions (Page-547), Common and Natural Logarithms (Page-595), Applications (Page-635). | ||
| 650 | 0 |
_aMathematics _xProgrammed instruction. _9102478 |
|
| 650 | 0 | _aMathematics. | |
| 942 |
_2ddc _cBK _k512.1,HOW |
||
| 999 |
_c181770 _d181770 |
||